| 000 | 01231nam a2200265 a 4500 | ||
|---|---|---|---|
| 001 | 000046490 | ||
| 003 | DO-SdBNP | ||
| 005 | 20210728091326.0 | ||
| 008 | 150819s2015 dr 000 0 spa d | ||
| 020 | _a9789945481600 (v.1) | ||
| 020 | _a9789945481686 (v.2) | ||
| 040 |
_aDO-SdBNP _bspa _cBNPHU |
||
| 082 |
_axxxx _bP438c |
||
| 100 | 1 |
_aPérez Cruz, Domingo A. _974488 |
|
| 245 | 1 | 3 |
_aLa celestina y los dictadores dominicanos / _cDomingo A. Pérez Cruz. |
| 260 |
_aSanto Domingo : _bSoto Castillo, _c2015. |
||
| 300 |
_a2 vs. : _bil., mapas, retrs. ; _c24 cm. |
||
| 500 | _aIncluye datos biográficos del autor en la solapa de la cubierta | ||
| 504 | _aBibliografía : p. 469-475 | ||
| 505 | 0 | _av. 1 : La gracias y varios pensamientos -- Sátrapa Pedro Santana Familia-- Sátrapa Ulises Heureaux Level -- Sátrapa Rafael Leónidas Trujillos Molina | |
| 505 | 0 |
_av. 2 : Sátrapa Rafael Leónidas Trujillo Molina (contiación)-- _tBreve enfoque de los acaecidos entre enero de 1962 y mayo de 1966 -- _tSátrapa Joaquín Antonio Balaguer Ricardo -- _tSátrapa Leonel Antonio Fernández Reyna -- _tBibliografía. |
|
| 590 | _aTres ejemplares biografiado por el autor | ||
| 590 | _aInventariado, 2019/VM | ||
| 942 |
_2ddc _cLBS1 |
||
| 999 |
_c45979 _d45979 |
||